[Event "Primorie-ch Boys/Girls U16"]
[Site "Lesozavodsk"]
[Date "2010.07.03"]
[Round "11"]
[White "Kudryavtseva, Yulia"]
[Black "Vavushkov, Vladimir"]
[Result "1-0"]
[WhiteElo "1745"]
[BlackElo "1576"]
[PlyCount "81"]
[EventDate "2010.06.25"]
[EventType "swiss"]
[EventRounds "11"]
[EventCountry "RUS"]
[SourceTitle "EXT 2022"]
[Source "ChessBase"]
[SourceDate "2021.10.06"]
[SourceVersion "1"]
[SourceVersionDate "2021.10.06"]
[SourceQuality "1"]

1. d4 d5 2. Nf3 Nc6 3. g3 Bf5 4. Bg2 e6 5. c4 Bb4+ 6. Bd2 Bxd2+ 7. Nbxd2 Nge7 8. 0-0 dxc4 9. Qa4 a6 10. Qxc4 b5 11. Qc3 Rb8 12. Nh4 Nxd4 13. Bf3 b4 14. Qc4 a5 15. Nxf5 Ndxf5 16. Nb3 Nd6 17. Qc2 Rb5 18. Rac1 Kd7 19. Bc6+ Nxc6 20. Qxc6+ Kc8 21. Rfd1 Qd7 22. Rxd6 Qxc6 23. Rdxc6 Rb7 24. Nxa5 Ra7 25. Nb3 Rxa2 26. Rxc7+ Kb8 27. R7c2 Rd8 28. e3 Kb7 29. Nd4 Kb6 30. Nc6 Rda8 31. Nxb4 R2a4 32. Nd3 g6 33. Rc6+ Kb7 34. Rc7+ Kb6 35. Rxf7 Rd8 36. Nf4 Ra2 37. Rcc7 Rd2 38. Nxe6 Rdxb2 39. Rb7+ Kc6 40. Rxb2 Rxb2 41. Rxh7 1-0

[Event "Primorie-ch Boys/Girls U16"]
[Site "Lesozavodsk"]
[Date "2010.06.30"]
[Round "7"]
[White "Petko, Darya"]
[Black "Vavushkov, Vladimir"]
[Result "1-0"]
[WhiteElo "1810"]
[BlackElo "1576"]
[PlyCount "51"]
[EventDate "2010.06.25"]
[EventType "swiss"]
[EventRounds "11"]
[EventCountry "RUS"]
[SourceTitle "EXT 2022"]
[Source "ChessBase"]
[SourceDate "2021.10.06"]
[SourceVersion "1"]
[SourceVersionDate "2021.10.06"]
[SourceQuality "1"]

1. e4 e5 2. Nf3 Nc6 3. Bb5 d6 4. d4 Bd7 5. Bxc6 Bxc6 6. dxe5 dxe5 7. Qe2 Nf6 8. Nxe5 Bxe4 9. f3 Qe7 10. Bf4 Bd5 11. 0-0 0-0-0 12. c4 Nh5 13. Qe3 Nxf4 14. Qxf4 Qc5+ 15. Kh1 Be6 16. Nxf7 Bxf7 17. Qxf7 Qf2 18. Qe6+ Kb8 19. Nc3 Qxb2 20. Ne4 Bd6 21. c5 Be5 22. Rab1 Qd4 23. Qb3 b6 24. Rfd1 Qb2 25. Rxb2 Bxb2 26. g3 1-0

[Event "Primorie-ch Boys/Girls U16"]
[Site "Lesozavodsk"]
[Date "2010.06.27"]
[Round "3"]
[White "Borodatov, Sergey"]
[Black "Vavushkov, Vladimir"]
[Result "1-0"]
[WhiteElo "1991"]
[BlackElo "1576"]
[PlyCount "61"]
[EventDate "2010.06.25"]
[EventType "swiss"]
[EventRounds "11"]
[EventCountry "RUS"]
[SourceTitle "EXT 2022"]
[Source "ChessBase"]
[SourceDate "2021.10.06"]
[SourceVersion "1"]
[SourceVersionDate "2021.10.06"]
[SourceQuality "1"]

1. d4 d5 2. c4 e6 3. Nc3 Nc6 4. Bf4 Nf6 5. c5 a6 6. a3 b6 7. b4 bxc5 8. bxc5 g6 9. Nf3 Bg7 10. e3 0-0 11. Rb1 Nd7 12. Be2 e5 13. dxe5 Ndxe5 14. Nxd5 Be6 15. Nb4 Nxf3+ 16. Bxf3 Nxb4 17. axb4 Bc3+ 18. Kf1 Bc4+ 19. Kg1 Qxd1+ 20. Rxd1 Rab8 21. h3 Bxb4 22. Bxc7 Rbc8 23. Bd6 Rfe8 24. Bb7 Rcd8 25. Rd4 Bxc5 26. Bxc5 Rxd4 27. Bxd4 Rb8 28. Be4 h5 29. Kh2 Rb4 30. Rc1 a5 31. Bd5 1-0

[Event "Vladivostok Cup"]
[Site "Vladivostok"]
[Date "2010.03.22"]
[Round "4"]
[White "Gridchin, Danil"]
[Black "Vavushkov, Vladimir"]
[Result "1-0"]
[WhiteElo "1935"]
[BlackElo "1576"]
[PlyCount "97"]
[EventDate "2010.03.19"]
[EventType "swiss"]
[EventRounds "9"]
[EventCountry "RUS"]
[SourceTitle "EXT 2022"]
[Source "ChessBase"]
[SourceDate "2021.10.06"]
[SourceVersion "1"]
[SourceVersionDate "2021.10.06"]
[SourceQuality "1"]

1. Nf3 d5 2. b3 e6 3. Bb2 Nf6 4. e3 Nc6 5. d4 b6 6. Nbd2 Bd6 7. Bd3 Qe7 8. e4 e5 9. Bb5 Bd7 10. Bxc6 Bxc6 11. dxe5 Bb4 12. exf6 Qxe4+ 13. Qe2 Qxe2+ 14. Kxe2 gxf6 15. a3 Bd6 16. Bxf6 Rg8 17. Rae1 Bxa3 18. Kd1+ Kf8 19. Ng5 Rg6 20. Nxh7+ Kg8 21. Be7 Bxe7 22. Rxe7 Kxh7 23. Rxf7+ Rg7 24. Rxg7+ Kxg7 25. h4 a5 26. g4 a4 27. bxa4 Rxa4 28. Re1 Kf7 29. f3 Bb5 30. Nb3 Rf4 31. Nd2 c5 32. Re3 Kf6 33. Rb3 Rb4 34. Rxb4 cxb4 35. Kc1 Ke5 36. h5 Be8 37. Kd1 Kd4 38. h6 Bg6 39. f4 Bh7 40. Ke2 Kc3 41. f5 Kxc2 42. f6 Bd3+ 43. Ke1 b3 44. Nxb3 Kxb3 45. f7 d4 46. f8Q Bc2 47. Qb8 d3 48. Qxb6+ Kc3 49. Qe3 1-0